| 000 | 01099cam a2200241 4500 | ||
|---|---|---|---|
| 001 | ABS64936 | ||
| 008 | 020110n2001 000 0 eng u | ||
| 035 | _a(Sirsi) u116224 | ||
| 100 | _aBaker, L. | ||
| 245 | _aCSS vows to fight for country role in proposed planning reforms | ||
| 260 | _c2001 | ||
| 490 |
_aSurveyor _v188(5661) 13 December 2001, 3(1) |
||
| 520 | _aGovernment proposals to abolish the country tier by scrapping structure and unitary development plans have come under attack from senior planning and transportation directors. The idea is to give regional bodies sole responsibility for strategic planning. However the CSS and council network feel that Steven Byers' aims of making planning more streamlined and locally based would be strengthened by giving counties a spatial planning role. | ||
| 590 | _aABS | ||
| 650 | _aPLANNING SYSTEM | ||
| 650 | _aPLANNING REFORM | ||
| 650 | _aSTRATEGIC PLANNING | ||
| 650 | _aDEVELOPMENT PLANS | ||
| 650 | _aCBI | ||
| 650 | _aGREEN PAPER | ||
| 690 | _aENVIRONMENTAL AND LAND CONSULTANCY-PLANNING AND DEVELOPMENT | ||
| 942 | _n0 | ||
| 999 |
_c69243 _d69243 |
||